000 00345nam a2200157Ia 4500
100 _aReddy/J.N
650 _aFEM
942 _cBK
366 _f20
245 _aIntroduction to non linear finite element analysis
260 _bOxford university press
_c2004
082 _a620.0015
_bRED
300 _a463
546 _aENGLISH
999 _c18645
_d18645